|
|
|
|
| LEADER |
00000nam0a2200000 4500 |
| 001 |
260065 |
| 005 |
20231031220949.0 |
| 010 |
|
|
|a 5282002345
|
| 020 |
|
|
|a RU
|b 88-23076
|
| 035 |
|
|
|a (RuTPU)RU\TPU\book\283011
|
| 090 |
|
|
|a 260065
|
| 100 |
|
|
|a 20140513d1988 k y0rusy5003 ca
|
| 101 |
0 |
|
|a rus
|
| 102 |
|
|
|a RU
|
| 105 |
|
|
|a y z 000zy
|
| 200 |
1 |
|
|a Планирование и стимулирование роста производительности труда на предприятии
|f А. Б. Крутик, А. Е. Миллер
|
| 210 |
|
|
|a Москва
|c Экономика
|d 1988
|
| 215 |
|
|
|a 64,[1] с.
|
| 225 |
1 |
|
|a Экономисту промышленных предприятий
|
| 333 |
|
|
|a Исключено из фонда НТБ ТПУ
|
| 700 |
|
1 |
|a Крутик
|b А. Б.
|4 070
|
| 701 |
|
1 |
|a Миллер
|b А. Е.
|4 070
|
| 801 |
|
0 |
|a RU
|b RuMRKP
|c 19950417
|g psbo
|
| 801 |
|
1 |
|a RU
|b 63413507
|c 20140513
|
| 801 |
|
2 |
|a RU
|b 63413507
|c 20161201
|g RCR
|
| 942 |
|
|
|c BK
|